| 000 | 00000nam##2200000za#4500 |
| 001 | 9.686225 |
| 003 | CaOODSP |
| 005 | 20210624230434 |
| 007 | cr ||||||||||| |
| 008 | 150407|1996||||xxc|||||o f|0| 0 eng|d |
| 020 | |a0-662-30846-8 |
| 040 | |aCaOODSP|beng |
| 043 | |an-cn--- |
| 086 | 1 |aE2-400/1996E-IN |
| 110 | 1 |aCanada.|bForeign Affairs and International Trade. |bCanadian Centre for Foreign Policy Development. |
| 245 | 10|aBurma: the South Africa of the Nineties : |h[electronic resource]|broundtable report (November 16, 1996, Ottawa, Ontario) |
| 260 | |aOttawa - Ontario : |bForeign Affairs and International Trade. |c[1996]. |
| 300 | |a4p. |
| 590 | |a10-09-Supp|b2010-11-02 |
| 690 | 07|aForeign policy|2gcpds |
| 690 | 07|aRefugees|2gcpds |
| 776 | 0#|tBurma: the South Africa of the 90's / |w(CaOODSP)9.648257 |
| 856 | 40|ahttp://publications.gc.ca|qPDF|s42 KB|uhttps://publications.gc.ca/collections/Collection/E2-400-1996E.pdf |
| 986 | |a5003.1E |